| 000 | 00536nam a22001815i 4500 | ||
|---|---|---|---|
| 999 |
_c12678 _d12678 |
||
| 003 | OSt | ||
| 005 | 20240716154254.0 | ||
| 008 | 220119s2022 mau 000 0 eng | ||
| 020 |
_a9783035625127 _q(hardcover) |
||
| 040 |
_aDLC _beng _erda _cDLC |
||
| 042 | _apcc | ||
| 082 | _a624.183 | ||
| 245 | 0 | 0 |
_aMiracles in concrete : _bstructural engineer August Komendant / _cEstonian Museum of Architecture. |
| 263 | _a2204 | ||
| 300 | _apages cm | ||
| 710 | 2 |
_aEstonian Museum of Architecture (Boston, Massachusetts), _eeditor. |
|
| 942 | _2ddc | ||